[Event "EU-chT (Men) 14th"]
[Site "Plovdiv"]
[Date "2003.10.20"]
[Round "9.1"]
[White "Macieja, Bartlomiej"]
[Black "Azmaiparashvili, Zurab"]
[Result "1/2-1/2"]
[WhiteElo "2635"]
[BlackElo "2693"]
[Annotator "Huzman,A"]
[PlyCount "76"]
[EventDate "2003.10.10"]
[EventType "team-swiss"]
[EventRounds "9"]
[EventCountry "BUL"]
[SourceTitle "CBM 098"]
[Source "ChessBase"]
[SourceDate "2004.02.03"]
[SourceVersion "1"]
[SourceVersionDate "2004.02.03"]
[SourceQuality "1"]
[WhiteTeam "Poland"]
[BlackTeam "Georgia"]
[WhiteTeamCountry "POL"]
[BlackTeamCountry "GEO"]

1. e4 d6 2. d4 Nf6 3. Nc3 e5 4. Nf3 Nbd7 5. Bc4 Be7 6. O-O O-O 7. a4 c6 8. Re1
b6 9. d5 cxd5 10. Nxd5 Bb7 11. b3 Rc8 {[%cal Gc8c2]} 12. Re2 Nxd5 13. Bxd5 Bxd5
14. Qxd5 Nf6 15. Qd1 d5 {This position is the key to the whole variation. If
Black can play "d5" with impunity, he will easily equalize} 16. exd5 e4 {
Clearly unhappy about the results of his opening battle against Kasparov,
Azmajparashvili is trying to improve on his own game by turning to a forced
variation} (16... Qxd5 17. Qxd5 Nxd5 18. Nxe5 (18. c4 Nc3 (18... Bf6 19. Bb2
Nf4 20. Re3 Rfd8 21. Bxe5 Bxe5 22. Nxe5 $16) 19. Re3 Nd1 $1 (19... e4 20. Bb2
Bc5 21. Rxc3 exf3 22. Rxf3 Rcd8 23. Bc3 $16) 20. Re1 Rfd8 21. Nxe5 Bb4 (21...
Bc5 22. Ra2 f6 (22... Bb4 23. Bd2 Nc3 24. Rc2 Rxd2 25. Rxd2 Nxa4 26. Nc6 $1
Bxd2 27. Ne7+ Kf8 28. Nxc8 Bxe1 29. bxa4 Ke8 30. Nxa7 Bb4 31. Kf1 $16) 23. Nf3
Rd3 $44) 22. Bd2 Rxd2 23. Raxd1 Rb2 24. Re3 Bc5 25. Rf3 Re8 26. Nd3 Rxb3 27.
Nxc5 Rxf3 28. gxf3 bxc5 29. Rd5 g6 $14) 18... Rfe8 (18... Nc3 19. Re1 Rfd8 20.
Nc4 Bf6 21. Bb2 $14) 19. c4 Bd6 20. Bb2 Nf4 21. Ree1 Bb4 22. Red1 Ne2+ 23. Kf1
Nc3 24. Rd3 Ne4 25. Rad1 (25. Bd4 $1 Nd2+ 26. Kg1 f6 27. Be3 fxe5 28. Bxd2 e4
29. Rd7 Bxd2 30. Rxd2 e3 31. Rd7 $5 (31. Re2 Rcd8 $1 $132 {/+/-})) 25... Bc5 $1
26. Rf3 Rcd8 $44 {1-0 Kasparov,G-Azmaiparashvili,Z/Crete 2003/CBM 98 (49)}) 17.
Ng5 Qxd5 (17... Nxd5 18. Nxe4 Bf6 19. Nxf6+ Qxf6 20. Bb2 Nc3 (20... Qxb2 21. c4
$16) 21. Rd2 Rfe8 22. Qf1 $16) 18. Qxd5 Nxd5 19. Nxe4 f5 $1 20. c4 $1 (20. Ng3
Bf6 21. Ra3 Nc3 $44 (21... Be7 $11)) 20... fxe4 21. cxd5 Bc5 $1 {[%mdl 4] A
threat to the "f2"square makes White agree to a rook endgame, where Black's
active rooks are good enough to secure a draw.} (21... Bf6 22. Rb1 Rfd8 23.
Rxe4 Rxd5 24. Be3 $16) 22. h3 (22. Bb2 Rf5 23. Rd1 Rd8 $1 (23... Rcf8 24. Rxe4
Rxf2 25. Bd4 Bxd4 26. Rexd4 Rb2 27. b4 Rff2 28. Rg4 a6 $1 (28... Rbd2 29. Rxd2
Rxd2 30. Rc4 $16) 29. h3 Rfd2 30. Rc1 Rxd5 31. Rc8+ Kf7 32. Rc7+ $16) 24. d6
Rxd6 25. Rxd6 Bxd6 26. Rxe4 Bc5 27. Re2 Rd5 $44 28. g3 Rd3 29. Re8+ Kf7 30. Ra8
a5 31. Ra7+ Ke6 32. Bxg7 Rxb3 33. Bh8 Rb4 34. Rxh7 Rxa4 $132) (22. Be3 $1 Bxe3
(22... Rfd8 23. Bxc5 bxc5 $1 (23... Rxc5 24. Rxe4 Rcxd5 25. Rae1 Rd3 26. b4 $16
) 24. Rxe4 Rxd5 $132 {[%csl Rb3] +/-}) 23. Rxe3 (23. fxe3 Rc3 $11) 23... Rc2
24. Rf1 Rd8 25. Rxe4 Rxd5 26. Re7 Rb2 (26... a5 27. Rb7 Rd6 28. Re1 $16 h6) (
26... Rd3 27. Rxa7 Rxb3 28. Re1 h6 29. h3 $18) 27. Rxa7 Rxb3 28. Re1 h6 $14 {
/+/-}) 22... Rf5 23. Be3 Bxe3 24. Rxe3 Rc2 25. Rf1 Rxd5 26. Rxe4 h6 27. Rfe1
Rb2 28. Re8+ Kh7 29. R8e3 b5 30. Rg3 b4 $1 (30... bxa4 31. Re7 Rg5 32. Rxg5
hxg5 33. bxa4 $18) 31. h4 $6 (31. Re7 Rg5 32. Rxg5 hxg5 33. Rxa7 (33. Re3 $14)
33... Rxb3 $11) (31. Re4 $1 a5 32. Reg4 Rd7 (32... g5)) 31... Rd4 $1 $11 32.
Rh3 (32. Re7 Rb1+ 33. Kh2 Rxh4+ $11) 32... Rf4 $1 33. Re7 Rbxf2 34. Rxa7 Rb2 {
[%cal Yf4g4,Yg4g2]} 35. Kh2 (35. Rg3 Rb1+ 36. Kh2 Rxh4+ $15) 35... Rg4 36. Rg3
Rxh4+ 37. Kg1 Rb1+ 38. Kf2 Rb2+ 1/2-1/2

[Event "EU-chT (Men) 14th"]
[Site "Plovdiv"]
[Date "2003.10.17"]
[Round "6.1"]
[White "Shirov, Alexei"]
[Black "Azmaiparashvili, Zurab"]
[Result "1/2-1/2"]
[WhiteElo "2737"]
[BlackElo "2693"]
[Annotator "Huzman,A"]
[PlyCount "103"]
[EventDate "2003.10.10"]
[EventType "team-swiss"]
[EventRounds "9"]
[EventCountry "BUL"]
[SourceTitle "CBM 098"]
[Source "ChessBase"]
[SourceDate "2004.02.03"]
[SourceVersion "1"]
[SourceVersionDate "2004.02.03"]
[SourceQuality "1"]
[WhiteTeam "Spain"]
[BlackTeam "Georgia"]
[WhiteTeamCountry "ESP"]
[BlackTeamCountry "GEO"]

1. e4 d6 2. d4 Nf6 3. Nc3 e5 4. Nf3 Nbd7 5. g4 {[%mdl 512] vintage Shirov!
This utterly intuitive pawn sac provides White with a considerable development
advantage and, therefore, lasting initiative. Besides, finding a safe spot for
the black K is going to be no easy task...} Nxg4 (5... exd4 6. Nxd4 (6. Qxd4
Nxg4 7. Be2 Nge5 $15) 6... Nc5 7. f3 (7. Bb5+ Nfd7 $5 (7... c6 8. Nxc6 bxc6 9.
Bxc6+ Bd7 10. Bxa8 Qxa8 11. f3 $13) (7... Bd7 8. Bxd7+ Qxd7 9. f3 h6 10. Qe2
$14)) 7... Nxg4 $5 (7... Nfd7 8. Be3 Ne5 9. Qd2 $36) 8. fxg4 Qh4+ 9. Kd2 Qg5+
10. Ke2 Bxg4+ 11. Nf3 $13) 6. Rg1 Ngf6 (6... exd4 $5 7. Nxd4 Nde5 (7... Nge5 8.
Bg5 Be7 (8... f6 $2 9. Ne6 Qe7 10. Nd5 $18) 9. Bxe7 Qxe7 10. Nd5 $16) 8. h3 Nf6
9. Be3 $44) 7. Bc4 {[%cal Gf3g5]} h6 8. Be3 c6 9. Qd3 Qc7 ({Black should have
prevented his opponent from sacrificing a piece on "b5" in a couple of moves
by playing} 9... b5 $5 10. Bb3 Qc7) 10. O-O-O $32 b5 11. Bxb5 $1 {[%mdl 640]} (
11. Bb3 a5 12. d5 (12. a4 b4 13. Ne2 Ba6 14. Bc4 d5 $1 15. Bxa6 dxe4 16. Qc4
Nb6 $19) 12... a4 13. dxc6 axb3 14. cxd7+ Bxd7 15. axb3 Qb7 $17) 11... cxb5 12.
dxe5 dxe5 (12... Nxe5 $2 13. Nxe5 dxe5 14. Nxb5 Qa5 15. Qc4 $1 $18) 13. Nxb5
Qa5 14. Qc4 Rb8 $8 15. a4 Qb4 $1 16. Nxe5 $1 Qxc4 17. Nxc4 $44 {To keep his
initiative, White doesn't need Q because the rest of his army is right after
the black K. Besides, he has already collected 2 P, and to survive the attack,
Black will have to give away more than that.} a6 $8 18. Nbd6+ (18. Nc7+ Kd8 19.
Bf4 Rb4 (19... g5 20. Ne6+ fxe6 21. Bxb8 Nxe4 22. f3 Nec5 $13) 20. Na5 Rb6 21.
Nc4 Rb4 $11) 18... Bxd6 19. Nxd6+ Kf8 20. f4 $1 Bb7 21. e5 Ne8 22. Nxe8 (22.
Ba7 $5 Bf3 $8 23. Nxf7 Bxd1 24. e6 (24. Nxh8 Rb7 25. e6 Ndf6 26. Bc5+ Kg8 27.
Rxd1 Kxh8 $16 28. b4 Kh7 29. f5 g6 30. fxg6+ Kxg6 31. Rd8 Rc7) 24... Ra8 25.
Nxh8 Ndf6 26. Bc5+ Kg8 27. Rxd1 Kxh8 28. b4 $16) 22... Kxe8 23. Rxg7 Bc8 (23...
Kf8 24. Rgg1 Bc8 25. Bd4 Rh7 (25... Rg8 $2 26. Bc5+ Nxc5 27. Rd8+ $18) 26. f5
$16) 24. Rd6 Kf8 (24... Ke7 $142) 25. Rg1 $6 ({It was worth restoring the
balance because after} 25. e6 $1 fxe6 (25... Kxg7 26. exd7 Bxd7 (26... Rd8 27.
dxc8=Q Rbxc8 28. Rxa6 $18) 27. Bd4+ Kh7 28. Bxh8 $18) 26. Rdxd7 Bxd7 27. Rxd7
$18 {2 Ps for an exchange look good enough to secure a full point}) 25... Rg8
26. Rxg8+ $6 (26. Rgd1 $5 Rg2 $132) 26... Kxg8 27. Rxh6 Nf8 28. Rd6 Ra8 29. c4
Be6 30. b3 Kg7 31. Kb2 Kg6 $132 {[%cal Yg6f5,Yf8g6,Yg6f4,Yf5f4]} 32. h4 Kh5 33.
Kc3 Ng6 34. b4 Nxh4 35. Bc1 Rc8 36. c5 a5 $11 37. Rb6 Nf5 38. Ba3 Ne3 39. bxa5
$5 Nd5+ 40. Kd3 Nxb6 41. axb6 Bd5 42. a5 Ra8 43. Kd4 Bc6 44. Bb4 Kg6 45. e6 $1
f6 46. f5+ $1 Kxf5 47. e7 Ke6 (47... Re8 $5 48. a6 Rxe7 49. b7 Bxb7 50. axb7
Rxb7) 48. a6 Kxe7 49. b7 Rd8+ 50. Kc4 Kd7 51. Bc3 $11 Rf8 52. Bxf6 1/2-1/2

[Event "Moscow Aeroflot op-A"]
[Site "Moscow"]
[Date "2004.02.23"]
[Round "7"]
[White "Sulskis, Sarunas"]
[Black "Bacrot, Etienne"]
[Result "0-1"]
[WhiteElo "2582"]
[BlackElo "2664"]
[Annotator "Huzman,A"]
[PlyCount "84"]
[EventDate "2004.02.17"]
[EventType "swiss"]
[EventRounds "9"]
[EventCountry "RUS"]
[SourceTitle "CBM 100"]
[Source "ChessBase"]
[SourceDate "2004.06.01"]
[SourceVersion "1"]
[SourceVersionDate "2004.06.01"]
[SourceQuality "1"]

1. e4 e5 2. Nf3 d6 3. d4 exd4 4. Nxd4 Nf6 5. Nc3 Be7 6. Be3 O-O 7. Be2 Re8 8.
Qd2 (8. O-O c6 (8... Nbd7 9. Nb3 Ne5 10. h3 Ng6 11. Qd2 Bf8 12. Bd3 c6 13. a4
b6 14. Nd4 Qc7 15. Nde2 a6 16. Ng3 Bd7 17. Bg5 Be7 18. Nce2 d5 19. exd5 Nxd5
$11 {0-1 Malikov,S-Kodinets,K/Podolsk 1993/EXT 98 (52)}) (8... Bf8 9. Bg5 (9.
Bf3 Nbd7 10. Re1 Ne5 11. Bg5 c6 12. Be2 h6 13. Bh4 Ng6 14. Bxf6 Qxf6 $15 {
0-1 Patjens,C-Dettmann,S/GER 1998/EXT 2002 (41)}) 9... h6 10. Bh4 g5 11. Bg3
Nxe4 12. Nxe4 Rxe4 13. c3 Nd7 14. f4 Bg7 15. Bd3 Re8 16. fxg5 Qxg5 17. Nf5 $44
{1-0 Deviatkin,A-Chudinovskih,A/Moscow 1996/EXT 99 (39)}) 9. h3 Bf8 10. Bd3
Nbd7 11. Nf3 b5 12. a3 Bb7 13. Re1 a6 14. Bg5 Qc7 15. Qd2 h6 16. Bf4 c5 17.
Rad1 Ne5 $15 {1/2-1/2 Szoen,D-Skytte,R/Marianske Lazne CZE 2004/(73)}) (8. Bf3
Nbd7 9. O-O Ne5 10. Be2 (10. Nd5 Nxd5 11. exd5 Nxf3+ 12. Qxf3 Bf6 $11 {1/2-1/2
Onatsevich,O-Ivanov,V/Novaya Ladoga 2001/EXT 2002 (21)}) 10... a6 11. a4 Bf8
12. Bg5 h6 13. Bh4 Ng6 14. Bxf6 Qxf6 15. Nd5 Qd8 16. Bd3 c6 17. Ne3 Nf4 $15 {
0-1 Jacques,R-Benoit,M/Le Touquet 1993/EXT 97 (55)}) (8. f4 Bf8 9. Qd3 Na6 $1
10. O-O-O Nc5 $17 {0-1 Lutzenberger,R-Chudinovskih,A/Wuerttemberg 2000/EXT
2002 (37)}) (8. f3 Bf8 9. Qd2 d5 10. O-O-O (10. exd5 Nxd5 11. Nxd5 Qxd5 12. Kf2
Nc6 13. Rad1 Bc5 14. c4 Qe5 $19 {0-1 Fuchs,G-Scalcione,M/Pula CRO 2003/(20)})
10... Bb4 (10... dxe4 $5 $11) 11. a3 Bxc3 12. Qxc3 Qe7 13. Nb5 $14 {1/2-1/2
Karer,G-Olarasu,G/Nova Gorica 2002/CBM 86 ext (85)}) (8. g4 d5 9. Nxd5 Nxd5 10.
exd5 Qxd5 11. Bf3 Qe5 $17 {0-1 Sigfusson,S-Sedlak,N/Reykjavik ISL 2004/(27)})
8... Bf8 (8... d5 9. exd5 Nxd5 10. Nxd5 Qxd5 11. O-O Bf6 12. Bf3 Qd7 13. Rad1
c5 14. Nb3 Qxd2 15. Rxd2 Bxb2 16. Nxc5 $16 {1/2-1/2 Gayson,P-Cooper,L/England
2001/EXT 2002 (36)}) (8... a6 9. Bf3 Ng4 10. Bxg4 Bxg4 11. f3 Be6 12. O-O-O c5
13. Nxe6 fxe6 14. Bf4 $16 {1-0 Bronnikova,E-Sukhaja,V/Peniscola 2002/CBM 90
ext (38)}) 9. Bg5 (9. Bf3 Nbd7 10. O-O-O Nc5 (10... Ne5 11. Be2 Neg4 12. Bxg4
Nxg4 13. Bg5 $14) 11. Nc6 (11. Bg5 h6 12. Bxf6 (12. Bh4 g5 13. Bg3 g4 $17)
12... Qxf6 13. Nd5 Qd8 14. Rhe1 c6 15. Nc3 Be7 $15) 11... bxc6 12. Bxc5 Be6 13.
Bd4 Nd7 $15) (9. f3 d5 10. O-O-O (10. Nxd5 Nxd5 11. exd5 Qxd5 12. c4 Qd6 13.
O-O-O Nc6 $15) 10... c5 11. Nb3 d4 12. Bg5 Be7 13. Bxf6 Bxf6 14. Nd5 b6 $15)
9... h6 10. Bh4 (10. Bxf6 Qxf6 11. Nd5 Qd8 12. f3 c6 13. Nc3 Nd7 14. O-O-O Nc5
$15) 10... g5 11. Bg3 Nxe4 12. Nxe4 Rxe4 13. O-O (13. O-O-O Bg7 14. c3 Nc6 15.
Bd3 Re8 (15... Rxd4 $5 16. cxd4 Nxd4 $44) 16. Nf5 Bxf5 17. Bxf5 Qf6 $17) 13...
Bg7 14. c3 Nc6 15. Nxc6 (15. Bd3 Re8 (15... Rxd4 $5 16. cxd4 Nxd4 17. f4 $132)
16. Nf5 Bxf5 17. Bxf5 Qf6 $15) 15... bxc6 16. Bd3 Re8 17. f4 Be6 $15 18. Rae1 (
18. Be4 $1 Bc4 (18... Bd7 19. Rae1 $44) (18... d5 19. Bd3 Rb8 20. Bf2 $44) 19.
Bxc6 Re2 20. Qc1 Rb8 21. b3 Bb5 22. Bf3 (22. Bxb5 Rxb5 23. Rf2 Re4 $15) 22...
Re8 23. Re1 Qf6 $15) 18... Rb8 19. Bb1 $6 (19. Re2 $142 Qf6 20. Rfe1 $15) 19...
Bc4 20. Rxe8+ Qxe8 21. Re1 Qd8 22. Qf2 $6 (22. Bf2 {[%cal Gf2d4]} c5 23. b3 Be6
(23... Ba6 24. c4 Bb7 25. fxg5 hxg5 26. Be3 $132) 24. c4 $15) 22... Bd5 23.
fxg5 hxg5 24. Qc2 Qf6 25. Rf1 $2 (25. Bf2 c5 26. Qd2 Bc6 $15) 25... Qh6 26. Re1
Be6 27. b3 c5 28. c4 Re8 29. Qd2 Bd7 30. Rxe8+ Bxe8 31. Be4 Bd4+ 32. Kh1 Qf6
$17 33. Qe2 Bd7 34. Be1 Bg4 35. Bf3 (35. Qd3 Qf4 36. g3 Qe5 37. Ba5 Qf6 {
[%cal Yf6f2]} 38. Be1 Bh3 $19) 35... Bxf3 36. Qxf3 (36. gxf3 $142) 36... Qg6 {
[%cal Yg6b1]} 37. Qd1 Qe4 $19 38. Ba5 c6 39. h3 Kg7 40. Bd8 (40. Qd2 Qf5 41.
Qd1 Be5 42. Bd2 Qf2 $19) (40. Bd2 Qd3 41. Qc1 f6 $19) 40... Qf4 41. Qf3 (41.
Bc7 Be5 42. Qg1 g4 $19) 41... Qc1+ 42. Kh2 Qe1 $1 0-1

[Event "Bundesliga 0304"]
[Site "Germany"]
[Date "2004.03.28"]
[Round "13.2"]
[White "Berndt, Stephan"]
[Black "Bacrot, Etienne"]
[Result "1/2-1/2"]
[WhiteElo "2462"]
[BlackElo "2664"]
[Annotator "Huzman,A"]
[PlyCount "56"]
[EventDate "2003.11.01"]
[EventType "team-tourn"]
[EventRounds "15"]
[EventCountry "GER"]
[SourceTitle "CBM 100"]
[Source "ChessBase"]
[SourceDate "2004.06.01"]
[SourceVersion "1"]
[SourceVersionDate "2004.06.01"]
[SourceQuality "1"]
[WhiteTeam "Neukoelln"]
[BlackTeam "Bremer SG"]
[WhiteTeamCountry "GER"]
[BlackTeamCountry "GER"]

1. e4 e5 2. Nf3 d6 3. d4 exd4 4. Nxd4 Nf6 5. Nc3 Be7 6. Nde2 c6 7. a4 {This
move is waist of time.White can't prevent breakthrough d5 now.} (7. g3 Na6 8.
Bg2 Nc7 9. Nf4 O-O 10. O-O b5 11. a3 Rb8 12. b3 a5 $132 {1-0 Keitlinghaus,
L-Maier,A/Pardubice 1996/CBM 55 ext (36)}) 7... O-O (7... Be6 8. Nd4 O-O 9. Be2
d5 10. O-O Bc5 11. Be3 Bxd4 12. Qxd4 dxe4 13. Qb4 Qc7 14. Nxe4 Nd5 15. Qd6 Qxd6
16. Nxd6 Nxe3 17. fxe3 b6 18. Bf3 a5 19. Nb5 Rc8 20. Rad1 Kf8 21. Rd4 Nd7 22.
Nd6 Rc7 23. Nb5 Rcc8 24. Nd6 Rc7 25. Nb5 {1/2-1/2 Timofeev,A-Bacrot,E/Moscow
RUS 2004/(25)}) 8. g3 d5 (8... Qa5 $5 9. Bg2 (9. Bd2 Qh5 10. Nf4 Qxd1+ 11. Rxd1
Re8 $11) 9... d5 10. exd5 Nxd5 $11 11. Bxd5 $140 Rd8 12. Bxf7+ Kxf7 13. Bd2 Bb4
$44 (13... Bg4 14. f3 $1 Bxf3 15. Rf1)) 9. exd5 Bb4 10. Bg2 (10. dxc6 Qxd1+ (
10... Qe7 $5 11. Bg2 Nxc6 12. O-O Rd8 13. Qe1 Bf5 $44) 11. Kxd1 Nxc6 $44) 10...
Nxd5 11. O-O Nxc3 12. Nxc3 Be6 (12... Bf5 13. Ne4 Na6 14. c3 Re8 15. Qxd8 Raxd8
16. Re1 Bxe4 17. Bxe4 Nc5 18. Bg5 f6 (18... Bxc3 19. bxc3 f6 20. Bxh7+ Kxh7 21.
Rxe8 Rxe8 22. Be3 $11) 19. Bxh7+ Kxh7 20. Rxe8 Rxe8 21. cxb4 Nd3 22. Be3 Re4
$11) 13. Bf4 $11 Nd7 (13... Qa5 14. Ne4 Bc4 15. c3 $16) 14. Bd6 Bxd6 15. Qxd6
Nf6 (15... Qb6 16. a5 $1 Qxb2 17. Qd2 Bf5 18. Rfb1 (18. a6 $5) 18... Qxc2 19.
Qxc2 Bxc2 20. Rxb7 Nc5 21. Rb2 Bd3 22. Bxc6 $11) 16. Qb4 Qb6 17. Qxb6 axb6 18.
Rfd1 Bf5 19. Rd2 Rfd8 20. Rad1 Rxd2 21. Rxd2 Kf8 22. Kf1 Ke7 23. Ke1 Rd8 24.
Rxd8 Kxd8 25. Kd2 Kd7 26. f4 Kd6 27. Nd1 $1 Be6 28. Ne3 Ng4 1/2-1/2

[Event "EU-chT (Men) 15th"]
[Site "Gothenburg"]
[Date "2005.07.31"]
[Round "2.1"]
[White "Lutz, Christopher"]
[Black "McShane, Luke J"]
[Result "1/2-1/2"]
[WhiteElo "2616"]
[BlackElo "2625"]
[Annotator "Huzman,A"]
[PlyCount "93"]
[EventDate "2005.07.30"]
[EventType "team-swiss"]
[EventRounds "9"]
[EventCountry "SWE"]
[SourceTitle "CBM 109"]
[Source "ChessBase"]
[SourceDate "2005.11.14"]
[SourceVersion "1"]
[SourceVersionDate "2005.11.14"]
[SourceQuality "1"]
[WhiteTeam "Germany"]
[BlackTeam "England"]
[WhiteTeamCountry "GER"]
[BlackTeamCountry "ENG"]

1. e4 d6 2. d4 Nf6 3. Nc3 e5 4. Nf3 exd4 5. Nxd4 a6 6. Be2 g6 (6... b5 7. O-O
Be7 8. Bf3 Ra7 9. Be3 c5 10. e5 (10. Nf5 $5) 10... dxe5 11. Nb3 Nbd7 $17 {
0-1 Guerrero,A-Ovezova,M/Elista 1998/CBM 66 ext (50)}) (6... Nc6 7. Be3 g6 8.
Qd2 Bg7 9. O-O-O O-O 10. f3 Bd7 11. g4 Rc8 12. Kb1 Qe7 13. h4 $16 {1-0 Garcia
Rodriguez,V-Gonzalez Berruga,A/Oropesa del Mar 2001/EXT 2002 (18)}) (6... c5 7.
Nb3 (7. Nf3 b5 (7... Nc6 8. a3 Be7 9. Be3 Ng4 10. Bf4 Nf6 11. e5 $14 {1-0
Miranda,A-Vanrell Sastre,J/Palma de Mallorca 2000/EXT 2003 (65)}) (7... Be7 8.
O-O b5 (8... O-O 9. Bg5 h6 10. Bh4 Nc6 11. a3 b5 12. Rb1 Bb7 13. Bxf6 Bxf6 14.
Nd5 Ne5 15. c3 $11 {1-0 Alburno,F-De Simon,M/Treviso Lega 1996/EXT 99 (50)}) 9.
e5 $1 $16 {1-0 Humme,M-Kitzler,G/Giessen 1995/GER (31)}) 8. e5 dxe5 9. Qxd8+
Kxd8 10. Nxe5 $16 {1/2-1/2 Iotchis,D-Burlov,V/Moscow 1995/EXT 97 (25)}) 7... b5
8. Bg5 Bb7 9. a3 b4 10. axb4 cxb4 11. Nd5 Bxd5 12. Bxf6 gxf6 13. Qxd5 $18 {
1-0 Letzelter,J-Avgousti,P/Skopje 1972/EXT 2000 (29)}) (6... Bd7 7. O-O Nc6 (
7... Be7 8. Bf4 O-O 9. Re1 Nc6 10. Nf3 Re8 11. h3 h6 12. Bd3 Nb4 13. a3 Nxd3
14. cxd3 c6 $11 {1/2-1/2 Dang Thu Huong-Luu Thi Le/Hue 2003/CBM 95 ext (45)})
8. f4 Be7 9. Bf3 O-O 10. Re1 Ne8 11. Nxc6 Bxc6 12. Nd5 $14 {1-0 Zwick,G-Korb,M/
Wolfstein 1994/GER (71)}) (6... Be6 7. Bg5 Qe7 8. O-O Nbd7 9. f4 Nb6 10. e5 $18
{1-0 Stockton,T-Morio,J/Gaylord 1994/EXT 2000 (25)}) (6... Be7 7. Be3 (7. O-O
O-O 8. Be3 (8. Re1 Re8 9. h3 h6 10. Bf4 Nbd7 11. Bc4 Nc5 12. a3 b5 13. Bd5 Nxd5
14. Nxd5 Bb7 $11 {1-0 Lorita,E-Baumberger,A/Vorarlberg 1996/EXT 99 (23)}) 8...
Bd7 9. f4 Nc6 10. Bf3 Nxd4 11. Bxd4 Bc6 12. Qd2 Qd7 13. Rae1 $14 {1-0
Belostozkaja,J-Breiter,J/Kassel 1998/EXT 99 (57)}) (7. f4 c5 8. Nb3 Nc6 9. Bf3
Bd7 10. Be3 Rc8 11. O-O b5 12. Re1 O-O 13. h3 Re8 14. Bf2 Be6 15. Qd2 b4 16.
Nd5 $14 {0-1 Komliakov,V-Habib,A/Damascus 2003/CBM 95 ext (53)}) 7... Bd7 (7...
O-O 8. g4 d5 9. Nxd5 Nxd5 10. exd5 Qxd5 $15 {1/2-1/2 Krueger,K-Ebert,L/
Mecklenburg Vorpommern 2001/EXT 2003 (29)}) 8. Qd3 Nc6 9. Nxc6 Bxc6 10. O-O-O
Nd7 11. f4 O-O 12. Rhe1 Re8 13. Bf3 Bf8 14. Bd4 b6 15. e5 $36 {1-0 Passov,
A-Lazo,M/Mt Vernon 2000/EXT 2002 (49)}) (6... h6 7. O-O c5 8. Nf3 Nc6 9. Bf4
Nh5 10. Be3 Be7 11. Qd2 Nf6 12. a4 Be6 13. Rad1 Qc7 14. h3 Rd8 15. Bf4 Ne5 16.
b3 $14 {1-0 Kazakov,D-Kolegov,K/Pamporovo 2001/CBM 84 ext (36)}) 7. Bg5 (7. Be3
Bg7 8. O-O O-O 9. Kh1 b5 10. a3 Bb7 11. f3 Nbd7 12. Qd2 Rc8 13. Bh6 $14 {
0-1 Mareco,S-Haitshandiet,M/San Antonio de Padua 2001/EXT 2002 (32)}) 7... Bg7
8. Qd2 b5 $6 9. O-O-O ({White could try to exploit the weakeness of diagonal
h1-a8 by} 9. Bf3 $5 h6 (9... O-O 10. e5 (10. O-O-O Ra7 (10... Bb7 11. e5 dxe5
12. Bxb7 Ra7 13. Qe3 exd4 14. Rxd4 Qe8 15. Bf3 $16) 11. Nf5 $5 gxf5 12. e5 Bb7
13. Qe3 Bxf3 14. Qxf3 Nbd7 15. exf6 Bxf6 16. Be3 Ra8 17. Nd5 $16) 10... dxe5
11. Bxa8 exd4 12. O-O-O c5 13. Ne4 Nxe4 14. Bxe4 Qb6 $44) (9... Bb7 10. e5 Bxf3
11. exf6 $18) 10. e5 (10. Be3 b4 11. Nce2 c5 12. Nb3 Bb7 $13) 10... hxg5 11.
exf6 Qxf6 12. Ndxb5 axb5 13. Bxa8 b4 14. Nd5 Qxb2 15. Rd1 (15. O-O Be5 16. h3
Qa3 17. Qxg5 (17. Rab1 $5 $16) 17... Kf8 18. Qe7+ Kg7 19. Nxc7 Rxh3 $132) 15...
Kf8 $13) 9... h6 10. Bh4 $6 ({More logical was} 10. Bf4 $1 {[%cal Gd2h6,Ge4e5]}
Bb7 (10... b4 11. Nd5 $36) 11. Bf3 {[%cal Ge4e5]} Nfd7 12. e5 $1 Bxf3 13. Nxf3
$40) 10... O-O 11. Qd3 (11. Bf3 Ra7 12. Qe3 {[%cal Ge4e5,Ge3a7]} c5 13. e5 (13.
Nb3 b4 14. Nb1 Re7 $132) 13... Ng4 $1 14. Bxg4 Qxh4 (14... cxd4 15. Rxd4 Qxh4
16. Bxc8 Qe7 17. Bh3 Qxe5 $11 (17... dxe5 18. Rd2 Nc6 $132 {[%csl Rh3]})))
11... Bb7 12. f4 (12. Nf5 gxf5 13. e5 Nbd7 14. exf6 Bxf6 15. Bxf6 Qxf6 $15)
12... Nbd7 {[%cal Yd7c5]} 13. Nb3 Qc8 {Black managed to finish the development
of his pieces and got good perspectives for counterplay due to the weakness of
pawn e4 and the possibility to attack Kc1.} 14. Bf3 a5 (14... b4 $5 15. Na4 (
15. Nd5 Nxd5 16. exd5 a5 $36) 15... a5 $5 (15... g5 $5 16. Na5 $1 (16. fxg5
hxg5 17. Bxg5 Bc6 18. Nd4 Bxa4 19. Nf5 Ne5 20. Qd2 Qe6 $17) 16... gxh4 17. Nxb7
Qxb7 18. e5 d5 19. exf6 Nxf6 20. Bxd5 Nxd5 21. Qxd5 $11) 16. Rhe1 {[%cal Ge4e5]
} Re8 17. Bg3 Ba6 18. Qd2 Bb5 $17) 15. Qxb5 (15. e5 dxe5 16. Bxb7 Qxb7 17. fxe5
Nxe5 18. Qxb5 Qxb5 19. Nxb5 a4 $36) 15... Re8 16. Rhe1 Ba6 17. Qc6 (17. Qa4 Nb6
18. Qc6 Bb7 19. Qb5 Ba6 (19... Nh5 $5 20. Bxh5 Bxc3 21. bxc3 Ba6 22. Qc6 (22.
Qxa5 Bc4 23. Qb4 Ra4 24. Bf3 Rxb4 25. cxb4 Qa6 26. Na5 Bxa2 $13) 22... Bb7 $11)
20. Qxa5 Bc4 (20... Be2 21. Qxa8 Qxa8 22. Rxe2 $44) 21. Qb4 Nfd7 $44 {[%csl
Rb4]}) 17... Rb8 $2 {Black underestimates the breakthrough in the centre. That
leads to a favourable ending for White.} (17... Bb7 18. Qc4 Ba6 $11) 18. e5 Bb7
19. Qa4 Bxf3 20. gxf3 Nb6 21. Qc6 dxe5 22. Rxe5 $16 Nh5 (22... Nfd7 23. Re4 $16
) 23. Rxe8+ (23. Re4 $1 a4 24. Nxa4 Nxa4 25. Qxa4 Rxe4 26. Qxe4 Qa6 27. Kb1 $16
) 23... Qxe8 24. Qxe8+ (24. Qxc7 a4 25. Bd8 Ra8 $1 26. Qxb6 axb3 27. cxb3 Bxc3
28. bxc3 Rxa2 29. Qb8 $1 Kh7 $1 (29... Nxf4 30. Kb1 Rf2 31. Bc7 $16) 30. Qe5
Qc6 31. f5 Nf4 32. Rd2 Ra1+ 33. Kc2 (33. Kb2 Qa6 $19) 33... Ra2+ $11) 24...
Rxe8 25. Rd8 $1 (25. Nxa5 Nxf4 $44) 25... Rxd8 (25... Kf8 $142 26. Rxe8+ Kxe8
27. Nxa5 Bxc3 (27... Nxf4 28. Nb5 $16) 28. bxc3 Nxf4 $14) 26. Bxd8 a4 27. Nc5
a3 $1 28. N3a4 axb2+ 29. Nxb2 Nd5 30. Nbd3 (30. c4 $1 Nc3 31. a4 $16) 30... Bc3
(30... Nhxf4 31. Nxf4 Nxf4 32. Bxc7 $16) 31. Ne4 (31. f5 gxf5 32. a4 $16) 31...
Ba5 32. c4 Ndxf4 33. Nxf4 Nxf4 $14 34. Kc2 Kf8 35. Bf6 Ke8 36. Bc3 Bxc3 37.
Kxc3 f5 $132 38. Nc5 Ke7 39. a4 Kd6 40. Nb7+ Kc6 41. Nd8+ Kc5 42. a5 h5 43.
Nb7+ (43. Nf7 h4 44. Ne5 g5 $132 45. Nd3+ $140 $2 Nxd3 46. Kxd3 h3 $1 47. Ke3
Kc6 48. Kf2 f4 49. Ke2 Kb7 50. Kd3 Ka6 51. Ke4 Kxa5 52. Kf5 Kb4 53. Kxg5 Kxc4
54. Kxf4 Kd4 55. Kg4 c5 56. f4 c4 57. f5 Ke5 58. f6 $8 Kxf6 59. Kf4 $1 $11)
43... Kc6 44. Nd8+ Kc5 45. Nb7+ Kc6 46. Nd8+ Kc5 47. Nb7+ 1/2-1/2